01103nam a2200193Ia 4500001001000000003001000010008004100020040002500061041001300086100002200099245004500121250001100166260006200177300001200239500026000251501011400511520026000625650002400885L230-5723IT-CnALBA170116s9999||||xx |||||||||||||| ||und|| aIT-CnALBAcIT-CnALBA aITALIANO aBERTHIER J., M.S. 0aSOMMARIO DI TELOGIA DOGMATICA E MORALE.  a2a ed. a TO BO CT PAbSOCIETÀ ED. INTER. c1930 [1° Ed.: n.d.] a908 p.  aDOPPIONE. DIRITTO CANONICO. LITURGIA. PASTOLRALE. TEOLOGIA MISTICA. FILOSOFIA CRISTIANA. TRADUZIONE DI CAVALLOTTI G. BATTISTA. INDICE ALFABETICO DELLA MATERIA. DOGMATICA GENERALE E SPECIALE. DIO E MONDO. DIO REDENTORE. DIO SANTIFICATORE. SACRAMENTI. DIO R aSocietà San Paolo EM - Piazza San Paolo, 14 - 12051 ALBA (CN) (non commercial uses only) ® Copyright 2017 aDOPPIONE. DIRITTO CANONICO. LITURGIA. PASTOLRALE. TEOLOGIA MISTICA. FILOSOFIA CRISTIANA. TRADUZIONE DI CAVALLOTTI G. BATTISTA. INDICE ALFABETICO DELLA MATERIA. DOGMATICA GENERALE E SPECIALE. DIO E MONDO. DIO REDENTORE. DIO SANTIFICATORE. SACRAMENTI. DIO R aDOGMATICA CRISTIANA